Normal view
MARC view
Entry Meeting Name
001 - CONTROL NUMBER
- control field: 12927
003 - CONTROL NUMBER IDENTIFIER
- control field: OSt
005 - DATE AND TIME OF LATEST TRANSACTION
- control field: 20211105133609.0
008 - FIXED-LENGTH DATA ELEMENTS
- fixed length control field: 211105|| aca||aabn | a|a d
040 ## - CATALOGING SOURCE
- Original cataloging agency: OSt
- Transcribing agency: OSt
111 ## - HEADING--MEETING NAME
- Meeting name or jurisdiction name as entry element: International Astronomical Union Symposium
- Number of part/section/meeting: 44th
- Location of meeting: Sweden
- Date of meeting or treaty signing: 1970 Aug. 10-14
670 ## - SOURCE DATA FOUND
- Source citation: Work cat.: (OSt): International Astronomical Union Symposium 44th Sweden 1970 Aug. 10-14, External galaxies and quasi-stellar objects, 1972